Towards a new past: dissenting essays in american history
Shranjeno v:
| Glavni avtor: | |
|---|---|
| Format: | Knjiga |
| Jezik: | angleščina |
| Izdano: |
Nueva York
Vintage Books
1969
|
| Teme: | |
| Oznake: |
Označite
Brez oznak, prvi označite!
|
MARC
| LEADER | 00000nam a2200000 a 4500 | ||
|---|---|---|---|
| 001 | UCN3866 | ||
| 003 | CL-VaPUC | ||
| 008 | 010713e19690000US |||||||||||||||||eng|d | ||
| 082 | 0 | 4 | |a 973 |b BER |2 21 |
| 100 | 0 | |a Bernstein, Barton J |e author |9 460451 | |
| 245 | 1 | 0 | |a Towards a new past: dissenting essays in american history |
| 300 | |a 364 p | ||
| 942 | |c BK | ||
| 945 | |d 20010713 00:00:00 |a rbrito | ||
| 260 | |a Nueva York |b Vintage Books |c 1969 | ||
| 650 | 7 | |a HISTORIA ESTADOUNIDENSE |2 CL-VaPUC |9 350346 | |
| 650 | 0 | |a Esclavitud |9 323605 | |
| 650 | 0 | |a Inmigración |9 268290 | |
| 650 | 0 | |a Cambio social |9 256857 | |
| 650 | 0 | |a Relaciones Exteriores |9 255379 | |
| 651 | 0 | |a Estados Unidos |9 255178 | |
| 583 | |a last modification |c 20010713 00:00:00 |k Rodrigo Vera | ||
| 999 | |c 296537 |d 296535 | ||
| 952 | |0 0 |1 0 |4 0 |6 973_000000000000000_BER_1969 |7 0 |8 A |9 350340 |a BIBGIM |b BIBGIM |d 2019-11-20 |i 361400K |o 973 BER 1969 |p 361400K |r 2025-01-15 |w 2019-11-20 |y BK |k ORI | ||